| 000 | 00352nam a2200133Ia 4500 | ||
|---|---|---|---|
| 008 | 250520s9999 xx 000 0 und d | ||
| 020 | _a9781250052339 | ||
| 100 | _aTWIGGER, ROBERT | ||
| 245 | 0 | _aRED NILE A BIOGRAPHY OF THE WORLDS GREATEST RIVER | |
| 260 |
_bTHOMAS DUNNE BOOKS, NEW YORK _c2013 |
||
| 300 | _a466 | ||
| 650 | _aGeneral | ||
| 942 | _cBK | ||
| 999 |
_c220932 _d220932 |
||